000 01979nam a22003377a 4500
001 B-264885-890
005 20080724113923.0
008 080724t xxu||||| |||| 00| 0 eng d
010 _aB-264885-890
020 _a0448089203
035 _aB-264885-890
040 _aDLC
082 _aN
100 _aDixon, Franklin W.
245 _aMystery of the flying express,
_cby Franklin W. Dixon.
260 _aNew York,
_bGrosset & Dunlap
_c2002
300 _a177 p.
_billus.
_c20 cm.
350 _a135.00
490 _aThe Hardy boys mystery stories; 20
520 _aAfter the new hydrofoil they are guarding is stolen, the Hardy boys face frequent danger in solving a mystery involving criminals who operate by signs of the zodiac.
650 _aMystery and detective stories.
942 _2ddc
_cCH
_hN
_mDIX
999 _c14574
_d14574